Gefahren und Gefährten (Record no. 9511)

MARC details
000 -CABECERA
campo de control de longitud fija 00604nam a2200217 a 4500
001 - NÚMERO DE CONTROL
campo de control BRL_699
005 - FECHA Y HORA DE LA ÚLTIMA TRANSACCIÓN
campo de control 20190320210846.0
008 - DATOS DE LONGITUD FIJA--INFORMACIÓN GENERAL
campo de control de longitud fija 250913s1972----gw-#######---#000-0#ger-#
041 ## - CÓDIGO DE LENGUA
Código de lengua del texto/banda sonora o título independiente ger
044 ## - CÓDIGO DEL PAÍS DE LA ENTIDAD EDITORA/PRODUCTORA
Código MARC del país gw
050 #4 - SIGNATURA TOPOGRÁFICA DE LA BIBLIOTECA DEL CONGRESO
Número de clasificación PT2613
Número de documento/Ítem .G68 1972
100 1# - ENTRADA PRINCIPAL--NOMBRE DE PERSONA
Nombre de persona Gotsche, Otto
Fechas asociadas al nombre 1904-1985
9 (RLIN) 22843
245 10 - MENCIÓN DE TÍTULO
Título Gefahren und Gefährten
Resto del título Erzählungen und Skizzen
Mención de responsabilidad, etc. Otto Gotsche.
260 ## - PUBLICACIÓN, DISTRIBUCIÓN, ETC.
Lugar de publicación, distribución, etc. Halle (Saale)
Nombre del editor, distribuidor, etc. Mitteldeutscher
Fecha de publicación, distribución, etc. 1972
300 ## - DESCRIPCIÓN FÍSICA
Extensión [299] p.
Dimensiones 20 cm.
500 ## - NOTA GENERAL
Nota general Incluye dedicatoria para Ruth
500 ## - NOTA GENERAL
Nota general Au805
650 14 - PUNTO DE ACCESO ADICIONAL DE MATERIA--TÉRMINO DE MATERIA
Término de materia o nombre geográfico como elemento de entrada Literatura Alemana
Subdivisión de forma Novela
9 (RLIN) 22844
902 ## - CATALOGADOR
Iniciales GRL
942 ## - ELEMENTOS DE PUNTO DE ACCESO ADICIONAL (KOHA)
Fuente del sistema de clasificación o colocación Library of Congress Classification
Tipo de ítem Koha Libros
Holdings
Estado de retiro Estado de pérdida Estado dañado No para préstamo Localización permanente Ubicación/localización actual Fecha de adquisición Número de inventario Total de préstamos Signatura topográfica completa Código de barras Fecha visto por última vez Precio válido a partir de Tipo de ítem Koha
El ejemplar forma parte de la colección y puede ser consultado según las políticas vigentes.       Biblioteca Centro de Estudios Ruth D. Lechuga Biblioteca Centro de Estudios Ruth D. Lechuga 25/09/2013 Au805   PT2613 .G68 1972 (Au805) GRL00770 22/03/2019 22/03/2019 Libros